[Event "LSS No Engine Cup 132 Preliminary 0"]
[Site "LSS email"]
[Date "2015.06.06"]
[Round "?"]
[White "Csoma, Kristof"]
[Black "Heiser, Jerome"]
[Result "1-0"]
[WhiteElo "1215"]
[BlackElo "909"]
[PlyCount "75"]
[EventDate "2015.06.07"]
[EventType "tourn (corr)"]
[EventRounds "6"]
[EventCountry "GER"]
[SourceTitle "Corr 2022"]
[Source "ChessBase"]
[SourceDate "2021.10.24"]
[SourceVersion "1"]
[SourceVersionDate "2021.10.24"]
[SourceQuality "1"]

1. Nf3 Nc6 2. Nc3 d5 3. d4 Nf6 4. Bf4 Bg4 5. Ne5 Nxe5 6. Bxe5 e6 7. h3 Bh5 8. Qd2 Bb4 9. a3 Ba5 10. b4 Bb6 11. e3 0-0 12. Be2 Bg6 13. 0-0 c6 14. a4 a5 15. b5 Ne4 16. Nxe4 Bxe4 17. f3 Bf5 18. e4 dxe4 19. fxe4 Bxe4 20. c3 f6 21. Bg3 c5 22. Rad1 Qd5 23. Bf3 Bxf3 24. Rxf3 cxd4 25. cxd4 e5 26. Bf2 Rad8 27. Rd3 exd4 28. Bxd4 Bxd4+ 29. Rxd4 Qxd4+ 30. Qxd4 Rxd4 31. Rxd4 g5 32. Rd7 Rb8 33. Kf2 Kf8 34. Rxh7 Kg8 35. Rd7 Kf8 36. Kf3 Ke8 37. Rh7 b6 38. Rh8+ 1-0

[Event "LSS No Engine Cup 132 Preliminary 0"]
[Site "LSS email"]
[Date "2015.06.06"]
[Round "?"]
[White "Csoma, Kristof"]
[Black "Reinecke, Juergen"]
[Result "0-1"]
[WhiteElo "1215"]
[BlackElo "1600"]
[PlyCount "54"]
[EventDate "2015.06.07"]
[EventType "tourn (corr)"]
[EventRounds "6"]
[EventCountry "GER"]
[SourceTitle "Corr 2022"]
[Source "ChessBase"]
[SourceDate "2021.10.24"]
[SourceVersion "1"]
[SourceVersionDate "2021.10.24"]
[SourceQuality "1"]

1. Nf3 Nf6 2. c4 e6 3. e3 c5 4. Nc3 a6 5. a3 Be7 6. Be2 0-0 7. 0-0 b6 8. b3 Bb7 9. Bb2 d5 10. d4 cxd4 11. Nxd4 Nc6 12. Rc1 dxc4 13. Bxc4 Nxd4 14. exd4 Nd5 15. Nxd5 Bxd5 16. Bxd5 Qxd5 17. Re1 Rac8 18. Qd3 b5 19. Re5 Rxc1+ 20. Bxc1 Qc6 21. Bb2 Bf6 22. Rc5 Qd7 23. Qe4 Rd8 24. Qc6 Qe7 25. g3 Bxd4 26. Bxd4 Rxd4 27. Qa8+ Rd8 0-1

[Event "OP-2015-0-03730"]
[Site "LSS email"]
[Date "2015.05.30"]
[Round "?"]
[White "Csoma, Kristof"]
[Black "Linart, Ludvik"]
[Result "0-1"]
[WhiteElo "1137"]
[BlackElo "1423"]
[PlyCount "74"]
[EventDate "2015.05.24"]
[EventType "tourn (corr)"]
[EventRounds "4"]
[EventCountry "GER"]
[SourceTitle "Corr 2022"]
[Source "ChessBase"]
[SourceDate "2021.10.24"]
[SourceVersion "1"]
[SourceVersionDate "2021.10.24"]
[SourceQuality "1"]

1. Nf3 d5 2. d4 Nf6 3. c4 e6 4. Nc3 Bb4 5. e3 c5 6. Bd3 0-0 7. 0-0 Nc6 8. a3 Bxc3 9. bxc3 b6 10. Qc2 Ba6 11. cxd5 Bxd3 12. Qxd3 Qxd5 13. c4 Qe4 14. Qxe4 Nxe4 15. Bb2 Rfd8 16. Rfd1 Na5 17. Rac1 cxd4 18. exd4 Rac8 19. c5 Nb3 20. Rb1 bxc5 21. dxc5 Rxd1+ 22. Rxd1 Nexc5 23. g3 f6 24. Kg2 e5 25. Ne1 Kf7 26. h3 Ke7 27. h4 Na4 28. Ba1 Nc3 29. Bxc3 Rxc3 30. Rb1 a5 31. a4 Kd6 32. Rb2 Nd4 33. Rb7 Rc7 34. Rb8 Rc4 35. Rb7 Nf5 36. g4 Rxg4+ 37. Kf3 Rxh4 0-1

[Event "OP-2015-0-03730"]
[Site "LSS email"]
[Date "2015.05.30"]
[Round "?"]
[White "Csoma, Kristof"]
[Black "Perez Garcia, Miguel"]
[Result "0-1"]
[WhiteElo "1137"]
[BlackElo "1203"]
[PlyCount "42"]
[EventDate "2015.05.24"]
[EventType "tourn (corr)"]
[EventRounds "4"]
[EventCountry "GER"]
[SourceTitle "Corr 2022"]
[Source "ChessBase"]
[SourceDate "2021.10.24"]
[SourceVersion "1"]
[SourceVersionDate "2021.10.24"]
[SourceQuality "1"]

1. Nf3 c5 2. c4 Nc6 3. Nc3 Nf6 4. g3 g6 5. Bg2 Bg7 6. 0-0 0-0 7. d4 cxd4 8. Nxd4 Nxd4 9. Qxd4 d6 10. Rd1 Be6 11. Qd3 Bf5 12. Qd2 Qc7 13. Nd5 Nxd5 14. cxd5 Bc2 15. Rf1 Bf5 16. e4 Bd7 17. Rb1 Bb5 18. Re1 Qc4 19. Bf1 Qxa2 20. Bxb5 Qxb1 21. Qb4 Rfc8 0-1

[Event "BI-2015-P-0000"]
[Site "LSS email"]
[Date "2015.04.16"]
[Round "?"]
[White "Csoma, Kristof"]
[Black "Schulz, Hans Juergen"]
[Result "0-1"]
[WhiteElo "1140"]
[BlackElo "1656"]
[PlyCount "44"]
[EventDate "2015.04.22"]
[EventType "tourn (corr)"]
[EventRounds "10"]
[EventCountry "GER"]
[SourceTitle "Corr 2022"]
[Source "ChessBase"]
[SourceDate "2021.10.24"]
[SourceVersion "1"]
[SourceVersionDate "2021.10.24"]
[SourceQuality "1"]

1. Nf3 Nf6 2. c4 e6 3. e3 c5 4. Nc3 Nc6 5. Be2 Be7 6. 0-0 d5 7. d4 dxc4 8. Bxc4 0-0 9. b3 cxd4 10. exd4 a6 11. Bb2 b5 12. Be2 Bb7 13. Qd2 Rc8 14. Rac1 Bd6 15. Kh1 Nh5 16. Ne5 Bxe5 17. Bxh5 Qxd4 18. Qe2 Qf4 19. g3 Nd4+ 20. f3 Qf5 21. g4 Qxf3+ 22. Qxf3 Nxf3 0-1

[Event "LSS No Engine Cup 128 Preliminary 0"]
[Site "LSS email"]
[Date "2015.03.25"]
[Round "?"]
[White "Korinek, Jaroslav"]
[Black "Csoma, Kristof"]
[Result "1-0"]
[WhiteElo "2043"]
[BlackElo "1215"]
[PlyCount "27"]
[EventDate "2015.03.26"]
[EventType "tourn (corr)"]
[EventRounds "6"]
[EventCountry "GER"]
[SourceTitle "Corr 2022"]
[Source "ChessBase"]
[SourceDate "2021.10.24"]
[SourceVersion "1"]
[SourceVersionDate "2021.10.24"]
[SourceQuality "1"]

1. d4 d5 2. c4 c6 3. cxd5 cxd5 4. Bf4 Bf5 5. Qb3 Qd7 6. e4 Nc6 7. exf5 Nxd4 8. Qd1 e5 9. Bxe5 Nxf5 10. Bd3 Bb4+ 11. Bc3 Bxc3+ 12. Nxc3 a6 13. Bxf5 Qxf5 14. Nxd5 1-0

[Event "ZN-2015-0-03015"]
[Site "LSS email"]
[Date "2015.03.10"]
[Round "?"]
[White "Raines, David T"]
[Black "Csoma, Kristof"]
[Result "1/2-1/2"]
[WhiteElo "1099"]
[BlackElo "1148"]
[PlyCount "44"]
[EventDate "2015.03.01"]
[EventType "match (corr)"]
[EventRounds "2"]
[EventCountry "GER"]
[SourceTitle "Corr 2022"]
[Source "ChessBase"]
[SourceDate "2021.10.24"]
[SourceVersion "1"]
[SourceVersionDate "2021.10.24"]
[SourceQuality "1"]

1. Nf3 Nf6 2. c4 c5 3. Nc3 Nc6 4. d4 cxd4 5. Nxd4 Nxd4 6. Qxd4 g6 7. e4 d6 8. Be2 Bg7 9. Be3 0-0 10. Qd1 a6 11. 0-0 Bd7 12. f3 Qc7 13. Qd2 Rac8 14. Rac1 Kh8 15. Nd5 Nxd5 16. cxd5 Qb8 17. Bd4 Rxc1 18. Rxc1 Rc8 19. Rc3 Rxc3 20. Qxc3 Bxd4+ 21. Qxd4+ Kg8 22. Kf2 Qc7 1/2-1/2

[Event "SN-2015-0-00667"]
[Site "LSS email"]
[Date "2015.03.09"]
[Round "?"]
[White "Csoma, Kristof"]
[Black "Hughes, Peter James"]
[Result "1-0"]
[WhiteElo "1145"]
[BlackElo "646"]
[PlyCount "73"]
[EventDate "2015.02.18"]
[EventType "tourn (corr)"]
[EventRounds "6"]
[EventCountry "GER"]
[SourceTitle "Corr 2022"]
[Source "ChessBase"]
[SourceDate "2021.10.24"]
[SourceVersion "1"]
[SourceVersionDate "2021.10.24"]
[SourceQuality "1"]

1. Nf3 d5 2. d4 Nf6 3. c4 e6 4. e3 Be7 5. Bd3 0-0 6. 0-0 Nbd7 7. Nbd2 c5 8. Qc2 cxd4 9. exd4 b6 10. Ne5 dxc4 11. Ndxc4 Bb7 12. Bg5 h6 13. Bh4 g5 14. Bg3 Rc8 15. Qe2 b5 16. Nd2 Nb6 17. Nb3 Nbd5 18. Bxb5 Nb4 19. Bc4 h5 20. h4 g4 21. a3 Nc6 22. Rfd1 Qe8 23. f3 Nxe5 24. dxe5 gxf3 25. gxf3 Kh8 26. exf6 Bxf6 27. Bb5 Bc6 28. Bxc6 Qxc6 29. Be5 Rg8+ 30. Kh2 Bxe5+ 31. Qxe5+ Kh7 32. Nd4 Qe8 33. Qxh5+ Kg7 34. Rg1+ Kf8 35. Rxg8+ Kxg8 36. Qh6 Qd8 37. Rg1+ 1-0

[Event "LSS No Engine Cup 127 Preliminary 0"]
[Site "LSS email"]
[Date "2015.03.09"]
[Round "?"]
[White "Csoma, Kristof"]
[Black "Rivas, Jesus"]
[Result "0-1"]
[WhiteElo "1192"]
[BlackElo "1756"]
[PlyCount "40"]
[EventDate "2015.03.10"]
[EventType "tourn (corr)"]
[EventRounds "6"]
[EventCountry "GER"]
[SourceTitle "Corr 2022"]
[Source "ChessBase"]
[SourceDate "2021.10.24"]
[SourceVersion "1"]
[SourceVersionDate "2021.10.24"]
[SourceQuality "1"]

1. Nf3 Nf6 2. c4 e6 3. e3 b6 4. b3 Be7 5. Be2 0-0 6. 0-0 d5 7. d4 Bb7 8. Ba3 c5 9. Nbd2 Nbd7 10. Rc1 Rc8 11. dxc5 Nxc5 12. Bb2 Nce4 13. Nxe4 Nxe4 14. Nd2 Nxd2 15. Qxd2 dxc4 16. Rfd1 cxb3 17. axb3 Qxd2 18. Rxd2 Rxc1+ 19. Bxc1 Rc8 20. Rd1 Bd5 0-1

[Event "LSS No Engine Cup 127 Preliminary 0"]
[Site "LSS email"]
[Date "2015.03.09"]
[Round "?"]
[White "Csoma, Kristof"]
[Black "Ualpaev, Sergej"]
[Result "1-0"]
[WhiteElo "1192"]
[BlackElo "1600"]
[PlyCount "97"]
[EventDate "2015.03.10"]
[EventType "tourn (corr)"]
[EventRounds "6"]
[EventCountry "GER"]
[SourceTitle "Corr 2022"]
[Source "ChessBase"]
[SourceDate "2021.10.24"]
[SourceVersion "1"]
[SourceVersionDate "2021.10.24"]
[SourceQuality "1"]

1. Nf3 e6 2. e3 d5 3. d4 c5 4. Bb5+ Bd7 5. Bxd7+ Nxd7 6. Nbd2 cxd4 7. exd4 Ngf6 8. 0-0 Bd6 9. c4 Qc7 10. c5 Bf4 11. g3 Bxd2 12. Bxd2 b6 13. b4 a5 14. a3 bxc5 15. bxc5 0-0 16. Qe2 Ne4 17. Bf4 e5 18. Nxe5 Nc3 19. Qd3 Ne4 20. Nxf7 Ndxc5 21. dxc5 Qxf7 22. c6 Nc5 23. Qe3 d4 24. Qc1 Nd3 25. Qd2 Nxf4 26. Qxf4 Qd5 27. Qd2 Qxc6 28. Qxd4 Rad8 29. Qe5 a4 30. Rfc1 Qb7 31. Rc7 Qxc7 32. Qxc7 Rc8 33. Qa5 Ra8 34. Qd5+ Kh8 35. Rb1 Rad8 36. Qe4 Rd2 37. Qxa4 Rdxf2 38. Qb4 h5 39. a4 R2f3 40. a5 h4 41. Qxh4+ Kg8 42. a6 R3f5 43. a7 Ra8 44. Rb8+ Rxb8 45. axb8Q+ Rf8 46. Qc4+ Kh7 47. Qxf8 Kh6 48. Qe6+ Kh7 49. Qfg8# 1-0

[Event "LSS No Engine Cup 122 Preliminary 0"]
[Site "LSS email"]
[Date "2014.12.15"]
[Round "?"]
[White "Csoma, Kristof"]
[Black "Mueller Toepler, Michael"]
[Result "0-1"]
[WhiteElo "1189"]
[BlackElo "1800"]
[PlyCount "130"]
[EventDate "2014.12.16"]
[EventType "tourn (corr)"]
[EventRounds "6"]
[EventCountry "GER"]
[SourceTitle "Corr 2022"]
[Source "ChessBase"]
[SourceDate "2021.10.24"]
[SourceVersion "1"]
[SourceVersionDate "2021.10.24"]
[SourceQuality "1"]

1. Nf3 Nf6 2. Nc3 d5 3. d4 g6 4. g3 c6 5. Bg2 Bg7 6. 0-0 0-0 7. Re1 Bf5 8. Nh4 Be6 9. e4 dxe4 10. Nxe4 Nxe4 11. Rxe4 Bd5 12. Re1 Bxg2 13. Nxg2 Bxd4 14. Bg5 Qb6 15. Be3 Rd8 16. Bxd4 Rxd4 17. Qe2 Rd7 18. b3 Na6 19. Ne3 Rad8 20. Rad1 f6 21. Nc4 Qc7 22. Rxd7 Rxd7 23. h4 e5 24. Rd1 Rd5 25. Ne3 Rxd1+ 26. Nxd1 Qd7 27. Nc3 Nc5 28. Ne4 Nxe4 29. Qxe4 Kf7 30. c3 Qd1+ 31. Kg2 Qd5 32. Kf3 Ke6 33. c4 Qd1+ 34. Kg2 Qd2 35. Qb1 f5 36. a3 e4 37. Kg1 b6 38. a4 a5 39. Qa1 e3 40. fxe3 Qxe3+ 41. Kg2 Qxb3 42. Qg7 Qc2+ 43. Kh3 Qe4 44. Kh2 Qe2+ 45. Kh3 Qe4 46. Kh2 Qe2+ 47. Kh3 Qf3 48. Kh2 f4 49. gxf4 Qxf4+ 50. Kh3 Qf5+ 51. Kg2 Qg4+ 52. Kf1 Qxc4+ 53. Kg2 Qxa4 54. Qxh7 Qe4+ 55. Kg3 a4 56. Qg8+ Kd6 57. Qd8+ Kc5 58. Qf8+ Kb5 59. Qa3 Qb4 60. Qd3+ Qc4 61. Qxg6 Qc3+ 62. Kg4 a3 63. Qf5+ c5 64. Qd7+ Kb4 65. Qa7 b5 0-1

[Event "SN-2014-0-00641"]
[Site "LSS email"]
[Date "2014.11.23"]
[Round "?"]
[White "Csoma, Kristof"]
[Black "Slavin, Pablo"]
[Result "0-1"]
[WhiteElo "1184"]
[BlackElo "1066"]
[PlyCount "52"]
[EventDate "2014.10.31"]
[EventType "tourn (corr)"]
[EventRounds "6"]
[EventCountry "GER"]
[SourceTitle "Corr 2022"]
[Source "ChessBase"]
[SourceDate "2021.10.24"]
[SourceVersion "1"]
[SourceVersionDate "2021.10.24"]
[SourceQuality "1"]

1. Nf3 e6 2. e3 Nf6 3. d4 b6 4. b3 Bb7 5. Bb2 d5 6. Bd3 Nbd7 7. 0-0 Bd6 8. Nbd2 c5 9. c4 cxd4 10. exd4 0-0 11. Rc1 dxc4 12. Nxc4 Qe7 13. Nxd6 Qxd6 14. Qe2 Rac8 15. h3 Nd5 16. Bb1 N7f6 17. Ne5 Rxc1 18. Rxc1 Nf4 19. Qd2 Nxg2 20. Bc3 Nh4 21. Qf4 Qd5 22. f3 Nxf3+ 23. Qxf3 Qxf3 24. Nxf3 Bxf3 25. Kf2 Bd5 26. Bb4 Ra8 0-1

[Event "SN-2014-0-00641"]
[Site "LSS email"]
[Date "2014.11.23"]
[Round "?"]
[White "Semenov, Zhenya"]
[Black "Csoma, Kristof"]
[Result "1/2-1/2"]
[WhiteElo "997"]
[BlackElo "1184"]
[PlyCount "52"]
[EventDate "2014.10.31"]
[EventType "tourn (corr)"]
[EventRounds "6"]
[EventCountry "GER"]
[SourceTitle "Corr 2022"]
[Source "ChessBase"]
[SourceDate "2021.10.24"]
[SourceVersion "1"]
[SourceVersionDate "2021.10.24"]
[SourceQuality "1"]

1. Nf3 Nf6 2. d4 d5 3. c4 c6 4. c5 Nbd7 5. Nc3 Qc7 6. g3 e5 7. e3 e4 8. Nd2 Be7 9. Bg2 0-0 10. 0-0 Nb8 11. b4 Bg4 12. f3 exf3 13. Bxf3 Bxf3 14. Qxf3 Nbd7 15. e4 Nxe4 16. Ncxe4 dxe4 17. Nxe4 Nf6 18. Bf4 Qd7 19. Rad1 Nd5 20. Bd2 Nf6 21. Nxf6+ Bxf6 22. Be3 Rad8 23. Rd3 Qd5 24. Qxd5 Rxd5 25. Kg2 Rfd8 26. Rfd1 g6 1/2-1/2

[Event "CP-2014-P-00029"]
[Site "LSS email"]
[Date "2014.09.30"]
[Round "?"]
[White "Bichik, Aleksandr"]
[Black "Csoma, Kristof"]
[Result "1-0"]
[WhiteElo "2168"]
[BlackElo "1164"]
[PlyCount "57"]
[EventDate "2014.10.01"]
[EventType "tourn (corr)"]
[EventRounds "6"]
[EventCountry "GER"]
[SourceTitle "Corr 2022"]
[Source "ChessBase"]
[SourceDate "2021.10.24"]
[SourceVersion "1"]
[SourceVersionDate "2021.10.24"]
[SourceQuality "1"]

1. e4 e5 2. Nf3 Nf6 3. Nxe5 d6 4. Nf3 Nxe4 5. d4 Be7 6. Bd3 d5 7. 0-0 0-0 8. Re1 f5 9. c4 c6 10. Nc3 Be6 11. cxd5 cxd5 12. Qb3 b6 13. Ne5 Nxc3 14. bxc3 Bf6 15. Ba3 Re8 16. Bb5 Bxe5 17. Bxe8 Bxh2+ 18. Kh1 Qxe8 19. Qxd5 Bxd5 20. Rxe8+ Kf7 21. Rf8+ Kg6 22. Kxh2 Nd7 23. Rxa8 Bxa8 24. c4 Nf6 25. Re1 Ne4 26. f3 Nd2 27. Re6+ Kh5 28. Bc1 Nxc4 29. Kh3 1-0

[Event "CP-2014-P-00029"]
[Site "LSS email"]
[Date "2014.09.30"]
[Round "?"]
[White "Bukarin, Mikhail"]
[Black "Csoma, Kristof"]
[Result "1-0"]
[WhiteElo "2207"]
[BlackElo "1164"]
[PlyCount "35"]
[EventDate "2014.10.01"]
[EventType "tourn (corr)"]
[EventRounds "6"]
[EventCountry "GER"]
[SourceTitle "Corr 2022"]
[Source "ChessBase"]
[SourceDate "2021.10.24"]
[SourceVersion "1"]
[SourceVersionDate "2021.10.24"]
[SourceQuality "1"]

1. d4 d5 2. c4 c6 3. Nf3 Nf6 4. Nc3 e6 5. Bg5 Be7 6. e3 0-0 7. Bd3 h6 8. Bh4 Nbd7 9. cxd5 exd5 10. Qc2 Re8 11. 0-0 Nf8 12. Rab1 Be6 13. b4 N6d7 14. Bg3 a5 15. bxa5 Qxa5 16. Rxb7 Bb4 17. Bc7 Qa3 18. Nb1 1-0

[Event "CP-2014-P-00029"]
[Site "LSS email"]
[Date "2014.09.30"]
[Round "?"]
[White "Csoma, Kristof"]
[Black "Minte, Dieter"]
[Result "1-0"]
[WhiteElo "1164"]
[BlackElo "2446"]
[PlyCount "29"]
[EventDate "2014.10.01"]
[EventType "tourn (corr)"]
[EventRounds "6"]
[EventCountry "GER"]
[SourceTitle "Corr 2022"]
[Source "ChessBase"]
[SourceDate "2021.10.24"]
[SourceVersion "1"]
[SourceVersionDate "2021.10.24"]
[SourceQuality "1"]

1. Nf3 c5 2. c4 d6 3. d3 Nf6 4. Nc3 Nc6 5. g3 g6 6. Bg2 Bg7 7. 0-0 Rb8 8. Rb1 0-0 9. a3 b6 10. b4 Ng4 11. Bd2 Bb7 12. b5 Nce5 13. Nxe5 Nxe5 14. Qc2 Qd7 15. e4 1-0

[Event "CP-2014-P-00029"]
[Site "LSS email"]
[Date "2014.09.30"]
[Round "?"]
[White "Csoma, Kristof"]
[Black "Silva Filho, Alcindo Luz Bastos"]
[Result "0-1"]
[WhiteElo "1164"]
[BlackElo "2081"]
[PlyCount "42"]
[EventDate "2014.10.01"]
[EventType "tourn (corr)"]
[EventRounds "6"]
[EventCountry "GER"]
[SourceTitle "Corr 2022"]
[Source "ChessBase"]
[SourceDate "2021.10.24"]
[SourceVersion "1"]
[SourceVersionDate "2021.10.24"]
[SourceQuality "1"]

1. Nf3 Nf6 2. c4 c5 3. Nc3 Nc6 4. g3 d5 5. cxd5 Nxd5 6. Nxd5 Qxd5 7. Bg2 g6 8. 0-0 Bg7 9. a3 c4 10. Qc2 Bf5 11. Qd1 Rd8 12. Nh4 Be4 13. Qa4 Bxg2 14. Nxg2 b5 15. Qd1 Qe4 16. a4 b4 17. a5 0-0 18. Qa4 Nd4 19. e3 Nf3+ 20. Kh1 Rd5 21. Qc6 Rh5 0-1

[Event "CP-2014-P-00029"]
[Site "LSS email"]
[Date "2014.09.30"]
[Round "?"]
[White "Langer, Raimund"]
[Black "Csoma, Kristof"]
[Result "1-0"]
[WhiteElo "2454"]
[BlackElo "1164"]
[PlyCount "47"]
[EventDate "2014.10.01"]
[EventType "tourn (corr)"]
[EventRounds "6"]
[EventCountry "GER"]
[SourceTitle "Corr 2022"]
[Source "ChessBase"]
[SourceDate "2021.10.24"]
[SourceVersion "1"]
[SourceVersionDate "2021.10.24"]
[SourceQuality "1"]

1. Nf3 Nf6 2. d4 d5 3. c4 c6 4. Nc3 e6 5. Bg5 Be7 6. e3 0-0 7. Bd3 h6 8. Bh4 Nbd7 9. 0-0 Re8 10. Qc2 b6 11. cxd5 cxd5 12. Nb5 Bb7 13. Qc7 Ba6 14. Rfc1 Qxc7 15. Rxc7 Rec8 16. Rxd7 Nxd7 17. Bxe7 Bxb5 18. Bxb5 Nf8 19. Ba6 Rc2 20. Bd6 Rxb2 21. Ne1 Rd8 22. Ba3 Rd2 23. Bb4 Rb2 24. Bc3 1-0

[Event "LSS No Engine Cup 118 Preliminary 4"]
[Site "LSS email"]
[Date "2014.09.25"]
[Round "?"]
[White "Neumann, Rudolf Phernandes O"]
[Black "Csoma, Kristof"]
[Result "0-1"]
[WhiteElo "740"]
[BlackElo "953"]
[PlyCount "26"]
[EventDate "2014.09.26"]
[EventType "tourn (corr)"]
[EventRounds "6"]
[EventCountry "GER"]
[SourceTitle "Corr 2015"]
[Source "ChessBase"]
[SourceDate "2015.07.17"]
[SourceVersion "1"]
[SourceVersionDate "2015.07.17"]
[SourceQuality "1"]

1. d4 d5 2. Bf4 Bf5 3. Nf3 Nf6 4. e3 e6 5. Bd3 Bd6 6. Bg3 0-0 7. Nbd2 Nc6 8. 0-0 Bxd3 9. cxd3 Nb4 10. Nb3 Bxg3 11. hxg3 Qd7 12. Ne5 Qb5 13. Qc2 Nxc2 0-1

[Event "OP-2014-0-03493"]
[Site "LSS email"]
[Date "2014.09.06"]
[Round "?"]
[White "Csoma, Kristof"]
[Black "Firnhaber, Ingo"]
[Result "0-1"]
[WhiteElo "953"]
[BlackElo "2414"]
[PlyCount "46"]
[EventDate "2014.08.31"]
[EventType "tourn (corr)"]
[EventRounds "4"]
[EventCountry "GER"]
[SourceTitle "Corr 2015"]
[Source "ChessBase"]
[SourceDate "2015.07.17"]
[SourceVersion "1"]
[SourceVersionDate "2015.07.17"]
[SourceQuality "1"]

1. Nf3 Nf6 2. c4 e6 3. e3 b6 4. b3 Bb7 5. Bb2 Be7 6. Be2 0-0 7. 0-0 c5 8. d4 d5 9. Nbd2 Nc6 10. dxc5 bxc5 11. cxd5 exd5 12. Rc1 Bd6 13. Nb1 Re8 14. Nc3 d4 15. exd4 Nxd4 16. Nxd4 cxd4 17. Nb5 Bf4 18. Nxd4 Bxc1 19. Qxc1 Rc8 20. Qd1 Qb6 21. Bf3 Ba6 22. Re1 Qa5 23. Rxe8+ Rxe8 0-1

[Event "ZN-2014-0-02797"]
[Site "LSS email"]
[Date "2014.09.05"]
[Round "?"]
[White "Csoma, Kristof"]
[Black "Timing, Jan"]
[Result "0-1"]
[WhiteElo "990"]
[BlackElo "1423"]
[PlyCount "78"]
[EventDate "2014.09.02"]
[EventType "match (corr)"]
[EventRounds "2"]
[EventCountry "GER"]
[SourceTitle "Corr 2015"]
[Source "ChessBase"]
[SourceDate "2015.07.17"]
[SourceVersion "1"]
[SourceVersionDate "2015.07.17"]
[SourceQuality "1"]

1. Nf3 d5 2. d4 Nf6 3. c4 e6 4. e3 Be7 5. Be2 0-0 6. 0-0 dxc4 7. Bxc4 c5 8. Nc3 a6 9. a4 Nc6 10. b3 Qc7 11. Ba3 Rd8 12. Qe2 cxd4 13. Bxe7 Qxe7 14. exd4 Nxd4 15. Nxd4 Rxd4 16. Rfd1 Rxd1+ 17. Rxd1 Bd7 18. Qd2 Bc6 19. Qd6 Qxd6 20. Rxd6 Kf8 21. h3 Ke7 22. Rd1 Rd8 23. Rxd8 Kxd8 24. b4 Ke7 25. b5 axb5 26. axb5 Bd5 27. Bd3 g6 28. Na4 Kd6 29. g3 Ke5 30. f4+ Kd4 31. Be2 Ke3 32. Bf1 Ne4 33. Kh2 Nd2 34. Bg2 Kf2 35. Bxd5 Nf1+ 36. Kh1 Nxg3+ 37. Kh2 exd5 38. Nc5 d4 39. b6 Kf3 0-1

[Event "LSS No Engine Cup 116 Preliminary 2"]
[Site "LSS email"]
[Date "2014.08.22"]
[Round "?"]
[White "Cole, Steve"]
[Black "Csoma, Kristof"]
[Result "1-0"]
[WhiteElo "1408"]
[BlackElo "953"]
[PlyCount "37"]
[EventDate "2014.08.23"]
[EventType "tourn (corr)"]
[EventRounds "6"]
[EventCountry "GER"]
[SourceTitle "Corr 2015"]
[Source "ChessBase"]
[SourceDate "2015.07.17"]
[SourceVersion "1"]
[SourceVersionDate "2015.07.17"]
[SourceQuality "1"]

1. e4 e5 2. Nf3 Nf6 3. d4 Nxe4 4. Bd3 d5 5. Nxe5 Bd6 6. 0-0 0-0 7. c4 c6 8. Nc3 Nxc3 9. bxc3 Nd7 10. f4 Nf6 11. Qc2 Be6 12. c5 Be7 13. Rb1 Qc7 14. f5 Bd7 15. Bf4 Nh5 16. f6 Nxf6 17. Ng6 Qd8 18. Nxf8 Qxf8 19. Rxb7 1-0

[Event "LSS No Engine Cup 116 Preliminary 2"]
[Site "LSS email"]
[Date "2014.08.22"]
[Round "?"]
[White "Csoma, Kristof"]
[Black "Rojas Sagredo, Fernando"]
[Result "1-0"]
[WhiteElo "953"]
[BlackElo "1030"]
[PlyCount "97"]
[EventDate "2014.08.23"]
[EventType "tourn (corr)"]
[EventRounds "6"]
[EventCountry "GER"]
[SourceTitle "Corr 2015"]
[Source "ChessBase"]
[SourceDate "2015.07.17"]
[SourceVersion "1"]
[SourceVersionDate "2015.07.17"]
[SourceQuality "1"]

1. Nf3 Nf6 2. c4 c5 3. Nc3 Nc6 4. g3 d5 5. cxd5 Nxd5 6. Nxd5 Qxd5 7. Bg2 Qd8 8. 0-0 g6 9. a3 Bg7 10. Rb1 0-0 11. Qc2 Qd6 12. d3 Nd4 13. Nxd4 Bxd4 14. b3 Rb8 15. Bb2 Be6 16. Rbc1 Rfc8 17. Bxd4 cxd4 18. Qb2 Qb6 19. b4 a6 20. Rxc8+ Rxc8 21. Rc1 f6 22. Rxc8+ Bxc8 23. Qc2 Bd7 24. Qc4+ Kg7 25. Qd5 Bc6 26. Qe6 Qc7 27. Bxc6 bxc6 28. Qc4 a5 29. Qxd4 axb4 30. axb4 Kf7 31. Qc4+ e6 32. b5 Ke7 33. Qc5+ Kd7 34. b6 Qb7 35. e3 e5 36. d4 exd4 37. exd4 Qa6 38. d5 cxd5 39. Qxd5+ Ke7 40. b7 Qb6 41. Kg2 Kf8 42. Qd7 Kg8 43. Qc8+ Kg7 44. b8Q Qxb8 45. Qxb8 Kh6 46. Qf8+ Kg5 47. f4+ Kh5 48. h3 h6 49. g4+ 1-0

[Event "LSS No Engine Cup 116 Preliminary 2"]
[Site "LSS email"]
[Date "2014.08.22"]
[Round "?"]
[White "Csoma, Kristof"]
[Black "Stadler, Pavel"]
[Result "1/2-1/2"]
[WhiteElo "953"]
[BlackElo "1347"]
[PlyCount "113"]
[EventDate "2014.08.23"]
[EventType "tourn (corr)"]
[EventRounds "6"]
[EventCountry "GER"]
[SourceTitle "Corr 2015"]
[Source "ChessBase"]
[SourceDate "2015.07.17"]
[SourceVersion "1"]
[SourceVersionDate "2015.07.17"]
[SourceQuality "1"]

1. Nf3 d5 2. d4 Nf6 3. c4 g6 4. g3 Bg7 5. Bg2 0-0 6. 0-0 dxc4 7. a4 Nc6 8. Na3 Na5 9. e3 c6 10. Qc2 Bf5 11. Qc3 Nb3 12. Ra2 Nxc1 13. Rxc1 Be4 14. Nxc4 Nd5 15. Qb3 Rb8 16. Ncd2 Bxf3 17. Nxf3 e6 18. e4 Nf6 19. Re1 Qb6 20. Qxb6 axb6 21. Ne5 Rfd8 22. Rd1 Nd7 23. Nc4 Bf8 24. Raa1 Bb4 25. d5 exd5 26. exd5 Rbc8 27. Ne3 Nf6 28. dxc6 Rxd1+ 29. Rxd1 bxc6 30. Rc1 Bc5 31. Nc4 Ng4 32. Rc2 b5 33. axb5 Bxf2+ 34. Rxf2 Nxf2 35. Kxf2 cxb5 36. Ne3 Rc1 37. Bf1 Rb1 38. Bxb5 Rxb2+ 39. Be2 f5 40. Nc4 Rb4 41. Ne3 Kg7 42. Kf3 Rb2 43. h3 Kf6 44. Nc4 Rb4 45. Ne3 Ke5 46. Nc4+ Kd4 47. Nd6 Rb6 48. Nc4 Rb3+ 49. Kf2 Rc3 50. Nd2 Rc2 51. Nf3+ Kd5 52. Ke3 Rb2 53. Ng5 h6 54. Nf7 h5 55. Bf3+ Ke6 56. Ng5+ Kf6 57. h4 1/2-1/2